Analysis of Histopathological Prognostic Markers and Immunohistochemical Proliferation Markers in Wilms Tumor / (Record no. 536100)
[ view plain ]
| 000 -LEADER | |
|---|---|
| fixed length control field | 00502nam a22001457a 4500 |
| 082 ## - DEWEY DECIMAL CLASSIFICATION NUMBER | |
| Classification number | 616.07 |
| 100 ## - MAIN ENTRY--PERSONAL NAME | |
| Personal name | Mehboob, Naila |
| 245 ## - TITLE STATEMENT | |
| Title | Analysis of Histopathological Prognostic Markers and Immunohistochemical Proliferation Markers in Wilms Tumor / |
| Statement of responsibility, etc. | Naila Mehboob |
| 260 ## - PUBLICATION, DISTRIBUTION, ETC. | |
| Place of publication, distribution, etc. | Islamabad : |
| Name of publisher, distributor, etc. | AMC - NUST, |
| Date of publication, distribution, etc. | 2015. |
| 300 ## - PHYSICAL DESCRIPTION | |
| Extent | 88 p. ; |
| Dimensions | 30cm. |
| 942 ## - ADDED ENTRY ELEMENTS (KOHA) | |
| Source of classification or shelving scheme | |
| Koha item type | Thesis |
| 650 ## - SUBJECT ADDED ENTRY--TOPICAL TERM | |
| Topical term or geographic name entry element | Histopathology-MS-THESIS |
| 700 ## - ADDED ENTRY--PERSONAL NAME | |
| Personal name | Shahid Jamal |
| 650 ## - SUBJECT ADDED ENTRY--TOPICAL TERM | |
| -- | 30707 |
| 700 ## - ADDED ENTRY--PERSONAL NAME | |
| -- | 16862 |
| Withdrawn status | Lost status | Source of classification or shelving scheme | Damaged status | Not for loan | Permanent Location | Current Location | Shelving location | Date acquired | Full call number | Barcode | Date last seen | Price effective from | Non-public note | Koha item type |
|---|---|---|---|---|---|---|---|---|---|---|---|---|---|---|
| NUST School of Health Sciences (NSHS) | NUST School of Health Sciences (NSHS) | Thesis | 09/30/2020 | 616.07 | CL-T-6318 | 09/30/2020 | 09/30/2020 | Minute Sheet No. 0929/02/CL/Survey/5 dated 23rd April 2024 E-MIN ID 114741 | Thesis |
